Cầu vồng trong đêm 1 Cho những trái tim đang sống
Đã lưu trong:
| Príomhúdar: | |
|---|---|
| Údair Eile: | |
| Formáid: | Leabhar |
| Foilsithe: |
Tp. Hồ Chí Minh
Tổng hợp Tp. Hồ Chí Minh
2017
|
| Ábhair: | |
| Clibeanna: |
Cuir Clib Leis
Gan Chlibeanna, Bí ar an gcéad duine leis an taifead seo a chlibeáil!
|
| Thư viện lưu trữ: | Trung tâm Học liệu Lê Vũ Hùng, Trường Đại học Đồng Tháp |
|---|
| LEADER | 00899pam a22002538a 4500 | ||
|---|---|---|---|
| 001 | 00041102 | ||
| 005 | 20180321100321.0 | ||
| 008 | 110423s1997 ||||||Viesd | ||
| 020 | # | # | |c 68000 |
| 041 | 0 | # | |a Vie |
| 082 | 1 | 4 | |a 891.7 |b C125V |
| 100 | 0 | # | |a Samarsky, Mikhail |
| 245 | 0 | 0 | |a Cầu vồng trong đêm 1 |c Mikhail Samarsky;Phạm Bá Thủy |b Cho những trái tim đang sống |
| 250 | # | # | |b tái bản từ quyển 'Chó dẫn đường Phiêu lưu kí 1" |
| 260 | # | # | |a Tp. Hồ Chí Minh |b Tổng hợp Tp. Hồ Chí Minh |c 2017 |
| 300 | # | # | |a 246tr. |c 21 cm. |
| 653 | # | # | |a Chó dẫn đường |
| 653 | # | # | |a Nga |
| 653 | # | # | |a Tiểu thuyết |
| 653 | # | # | |a văn học |
| 700 | 1 | # | |a Phạm, Bá Thủy |e dịch |
| 852 | # | # | |j KD.0017598 |
| 910 | |d 21/03/2018 | ||
| 980 | # | # | |a Trung tâm Học liệu Lê Vũ Hùng, Trường Đại học Đồng Tháp |